000 00618nam a22001937a 4500
008 230622b |||||||| |||| 00| 0 eng d
020 _a 9780750682053
020 _a0750682051
050 _aG155
_b.A1P34 2007
100 _aPage Stephen
_d1963-
245 _aTourism management :
_bmanaging for change/
_cStephen Page
250 _a2nd ed.
260 _aAmsterdam :
_bButterworth-Heinemann,
_c2007
300 _a xxi, 473p. :
_bill. ;
_c24 cm
504 _aInclude Bibliographic Ref. and index
650 _aTourism Management
650 _aTourism
942 _2lcc
_cBOOKS
_hG155 .A1P34 2007
999 _c31614
_d31614